[Event "London Classic op U2050-A 8th"]
[Site "London"]
[Date "2016.12.10"]
[Round "2"]
[White "Yoon, Jacob D"]
[Black "Rohrer, Finlo N"]
[Result "1/2-1/2"]
[WhiteElo "1871"]
[BlackElo "2012"]
[PlyCount "80"]
[EventDate "2016.12.09"]
[EventType "swiss"]
[EventRounds "5"]
[EventCountry "ENG"]
[SourceTitle "EXT 2019"]
[Source "ChessBase"]
[SourceDate "2018.10.10"]
[SourceVersion "1"]
[SourceVersionDate "2018.10.10"]
[SourceQuality "1"]

1. e4 c5 2. Nf3 e6 3. d4 cxd4 4. Nxd4 a6 5. Nc3 Qc7 6. Bd3 Nf6 7. 0-0 b5 8. a3 Bb7 9. Re1 d6 10. Bf1 Nbd7 11. g3 Be7 12. Bg2 0-0 13. Nde2 Nc5 14. Nf4 Rad8 15. Qe2 Ncd7 16. Nd3 Qb8 17. Bf4 e5 18. Bd2 Qa8 19. a4 bxa4 20. Nxa4 Rc8 21. Bg5 Rc4 22. Bxf6 Bxf6 23. Nxe5 Rxa4 24. Nxd7 Rxa1 25. Rxa1 Re8 26. Nxf6+ gxf6 27. Re1 f5 28. f3 fxe4 29. fxe4 f5 30. Rf1 Bxe4 31. Qc4+ d5 32. Bxe4 fxe4 33. Qe2 Rf8 34. Qg4+ Kh8 35. Qg5 Rxf1+ 36. Kxf1 Qf8+ 37. Kg2 Qd6 38. Qf5 Kg7 39. c3 a5 40. b3 h6 1/2-1/2